|
|
|
|
| LEADER |
00000nbm0a2200000 4500 |
| 001 |
168693 |
| 005 |
20231031163159.0 |
| 029 |
0 |
0 |
|a SU
|b 73056350
|f ТПУ
|
| 035 |
|
|
|a (RuTPU)RU\TPU\book\183011
|
| 090 |
|
|
|a 168693
|
| 100 |
|
|
|a 20091030d1973 k y0rusy50 ca
|
| 101 |
0 |
|
|a rus
|
| 102 |
|
|
|a RU
|
| 105 |
|
|
|a a p 001zy
|
| 200 |
1 |
|
|a Исследование кинематики и динамики воздухораспределительных механизмов с целью улучшения технико-экономических показателей пневматических машин ударного действия
|e Отчет о НИР
|e Тема: № 4-64/73
|f Томский политехнический институт (ТПИ) ; руководитель В. И. Бабуров
|
| 210 |
|
|
|a Томск
|d 1973
|
| 215 |
|
|
|a 134 л.
|
| 320 |
|
|
|a Библиогр.: с. 131-134.
|
| 610 |
1 |
|
|a отчеты о НИР
|
| 610 |
1 |
|
|a пневматические машины
|
| 610 |
1 |
|
|a ударные действия
|
| 610 |
1 |
|
|a кинематика
|
| 610 |
1 |
|
|a воздухораспределительные механизмы
|
| 610 |
1 |
|
|a технико-экономические показатели
|
| 675 |
|
|
|a 621.54(04)
|v 3
|
| 702 |
|
1 |
|a Бабуров
|b В. И.
|4 673
|
| 712 |
0 |
2 |
|a Томский политехнический институт (ТПИ)
|c (1944-1991)
|2 stltpush
|3 (RuTPU)RU\TPU\col\1123
|4 595
|
| 801 |
|
1 |
|a RU
|b 63413507
|c 20091030
|
| 942 |
|
|
|c BK
|